000 00277pam a2200121 a 4500
020 _c
041 _aeng
100 _aLaski.H.J.
245 _aReflectionary Onthe rRevoluytion For Time
_hTextual Documents
260 _a[s.l]:
_bGeorge Allen
300 _a367p.
930 _a15367
999 _c92267
_d92267